| 000 | 00520nam a2200169Ia 4500 | ||
|---|---|---|---|
| 008 | 231217s9999 xx 000 0 und d | ||
| 020 | _aISBN:0-19-510270-3 | ||
| 041 | _aEnglish | ||
| 082 | _a006.3 POO;1 R | ||
| 100 | _aPoole, David Mackworth, Alan Goelbel, Randy | ||
| 245 | 0 | _aComputational intelligence : a logical approach | |
| 260 |
_c1998 _bOxFord _aNew York |
||
| 300 | _axvi+557 | ||
| 650 | _aComputational intelligence & soft computing | ||
| 650 | _aComputational,intelligence,:,logical | ||
| 942 | _cAA | ||
| 999 |
_c177673 _d177673 |
||